Llwytho...

Katannakramanangalute charithra rekhakal /

Manylion Llyfryddiaeth
Prif Awdur: Krishnan, P R.
Fformat: Printed Book
Cyhoeddwyd: Thrissur : G-motivation, 2015.
Pynciau:
LEADER 00493nam a22001457a 4500
020 |a 9788184234466 
082 |a 294.8124  |b KRI.K 
100 |a Krishnan, P R. 
245 |a Katannakramanangalute charithra rekhakal /  |c by P R Krishnan. 
260 |a Thrissur :  |b G-motivation,  |c 2015. 
300 |a 192 p. 
650 |a article 
942 |c BK 
999 |c 315783  |d 315783 
952 |0 0  |1 0  |4 0  |6 294_812400000000000_KRI_K  |7 0  |8 MAL  |9 337736  |a POL  |b POL  |c GEN  |d 2020-12-02  |l 0  |o 294.8124 KRI.K  |p POL21384  |r 2020-12-02  |w 2020-12-02  |y BK